000 00761nam a2200265Ia 4500
003 GCL
008 140319s9999 xx 000 0 ara d
040 _aGCL /
_cGCL
082 0 4 _a355.3434
_bن ح
100 1 _aنوردن
245 1 0 _aحرب الاكاذيب /
_cنوردن
700 1 _aالبرت
700 1 _aمحمد وجدى
300 _a118
490 _aكراسات الثقافة الجديدة
_v0
650 0 4 _aالشيوعية
650 0 4 _aالحرب النفسية
650 0 4 _aالرأى العام
650 0 4 _aالاشاعات
650 0 4 _aالدعاية الدولية
650 0 4 _aالدعاية السوداء
650 0 4 _aالمعسكر الشيوعى
650 0 4 _aالاعلان المضلل
942 _2ddc
_cBK
999 _c41084
_d41084